000 00823nas a2200277 4500
001 BR9703262
003 BR-BrBNA
005 20231205100339.0
007 ta
008 230509b bl.|||p| |||| 00| 00por d
040 _aBR-BrBNA
_bpor
_cBiblioteca Nacional de Agricultura
041 _a(Pt)
072 _aH20
100 1 _aCastro, L.A.S. de
100 1 _aMartins, O.M.
100 1 _aSilveira, J.R.P.
100 1 _aCouto, M.E.O.
245 1 _aProducao de anti-soro para diagnose de Xanthomonas campestis PV. pruni (Smith)Dowson
650 _aFruta de Clima Temperado
650 _aPodridao Negra
650 _aAnti-Soro
650 _aDiagnostico
773 0 _tHorti Sul (Brazil)
_xISSN 0103-3700
_g(Dec 1995), v. 3(3) p. 11-17
_wBR9703262
909 _a202311
_bLúcia
_c55
_dLúcia Elande
942 _2AGRIS
_n0
_cANA
999 _c155496
_d155496